| 000 | 00561nam a2200217Ia 4500 | ||
|---|---|---|---|
| 005 | 20250505124915.0 | ||
| 008 | 008 250505s9999 xx 000 0 eng d | ||
| 037 | _aReference | ||
| 040 |
_aLCO _beng _cLCO |
||
| 041 |
_aeng _2eng |
||
| 084 |
_aZ2,985 Q5 _qLCO |
||
| 100 | _aPatel, Bimal | ||
| 245 | 0 |
_aBanking and negotable _c Bimal Patel |
|
| 250 | _a1st | ||
| 260 |
_aLucknow, India _bEastern Book Company _c2015 |
||
| 300 | _a351 | ||
| 365 |
_aINR _b385 |
||
| 650 | _aLaw | ||
| 942 |
_cREF _hZ2,985 Q5 |
||
| 999 |
_c1310615 _d1310615 |
||